| 000 | 00446nam a2200169Ia 4500 | ||
|---|---|---|---|
| 005 | 20250508161604.0 | ||
| 008 | 008 250505s9999 xx 000 0 hin d | ||
| 037 | _aTextual | ||
| 040 |
_aFEDL _beng _cFEDL |
||
| 041 |
_ahin _2eng |
||
| 084 |
_a640.7, SIN _qFEDL |
||
| 100 |
_aSinghal Om Prakash _9770991 |
||
| 245 | 0 | _aGrahvigiyan ke naveen sidhant | |
| 300 | _a830p. | ||
| 942 |
_cTEXL _h640.7, SIN |
||
| 999 |
_c1370955 _d1370955 |
||